000 00791nas a2200277 4500
001 BR9103480
003 BR-BrBNA
005 20231205092110.0
007 ta
008 230509b bl.|||p| |||| 00| 00por d
040 _aBR-BrBNA
_bpor
_cBiblioteca Nacional de Agricultura
041 _a(Pt)
072 _aF01
100 1 _aAnon.
245 1 _aGuar; uma riqueza mais forte que a seca
650 _aLEGUMINOSA COM GRAO
650 _aPRATICA CULTURAL
650 _aGUAR
650 _aNUTRICAO HUMANA
650 _aNUTRICAO ANIMAL
650 _aCONSORCIACAO DE CULTURA
650 _aECONOMIA DA PRODUCAO
773 0 _tAgropecuaria Tropical (Brazil)
_xISSN 0101-1758
_g(Jan 1991), (no. 20) p. 31-36
_wBR9103480
909 _a202311
_bLúcia
_c55
_dLúcia Elande
942 _2AGRIS
_n0
_cANA
999 _c129316
_d129316